| 000 | 01115nam2a2200253 4500 | ||
|---|---|---|---|
| 001 | RU\NLR\bibl\1357027 | ||
| 005 | 20250615182533.0 | ||
| 010 |
_a978-5-275-01938-4 _bт. 10 |
||
| 021 |
_aRU _b2009-11052 _9651 |
||
| 035 | _a(NLR Aleph) 001349219 | ||
| 090 |
_a910038 _c910038 |
||
| 100 | _a20090415d2009 |||y0rusy50 ca | ||
| 101 | 1 |
_arus _ceng |
|
| 102 | _aRU | ||
| 105 | _aa ||||||||| | ||
| 200 | 1 |
_aОна _aВозвращение Айши _e[романы] _aЧерное Сердце и Белое Сердце _e[повесть _fпер. с англ. А. Ибрагимова] |
|
| 210 |
_d2009 _aБ. м. |
||
| 215 |
_a488, [5] с. _cил. |
||
| 461 | 0 |
_1001RU\NLR\bibl\1413060 _12001#$aСобрание сочинений$vТ. 10 _91246607 _aХаггард, Г. Р. (1856-1925) _cМосква _d2009 _fГенри Райдер Хаггард _nТЕРРА-книжный клуб _oв 12 т. : [перевод с английского] _tСобрание сочинений _y978-5-275-01928-5 _vТ. 10 |
|
| 801 | 0 |
_aRU _bNLR _c20090415 _gRCR |
|
| 801 | 1 |
_aRU _bNLR _c20090415 |
|
| 942 | _cBOOK | ||
| 980 | _aNB | ||